Statistics for 50 Biggest Cities in Greece

Click here to take the quiz!

General Stats

  • This quiz has been taken 317 times
  • The average score is 24 of 50

Answer Stats

PopulationCity% Correct
3,090,508Athens
100%
789,191Thessaloniki
97%
185,180Heraklion
87%
144,651Larissa
82%
213,984Patras
81%
120,733Volos
76%
53,910Chania
74%
49,541Rhodes
73%
89,061Ioannina
72%
57,812Alexandroupoli
70%
54,027Kavala
69%
54,100Kalamata
68%
24,838Corfu
66%
30,186Corinth
62%
56,122Xanthi
62%
52,006Lamia
61%
61,653Trikala
61%
30,866Tripoli
61%
58,287Serres
59%
59,125Chalcis
58%
50,990Komotini
55%
44,823Drama
54%
21,859Arta
50%
55,997Katerini
50%
41,066Kozani
49%
19,042Preveza
48%
53,433Agrinio
47%
22,209Argos
46%
32,468Rethymno
46%
38,554Karditsa
45%
24,359Pyrgos
44%
22,883Thebes
43%
43,158Veria
43%
26,850Chios
40%
22,914Kilkis
38%
21,379Livadeia
37%
27,871Mytilene
35%
19,432Kos
29%
32,127Ptolemaida
28%
20,422Aigio
27%
23,456Megara
23%
29,789Giannitsa
22%
18,426Orestiada
22%
18,822Naousa
21%
24,910Eleusis
13%
19,164Koropi
10%
30,251Aspropyrgos
9%
21,488Artemida
8%
20,852Oraiokastro
8%
25,370Salamis
8%

Score Distribution

Percentile by Number Answered

Percent of People with Each Score

Your Score History

You have not taken this quiz